Score 0/20 Timer 05:00
2 Plays Today
TWO WORDS ONE WORD (begins with J) % Correct
Tarzan. Lady.Jane
94.7%
Advertising. Tune.Jingle
89.2%
Rapper. Z.Jay
88.5%
Movie. Chan.Jackie
85.8%
Horse. Racer.Jockey
85.6%
Garland. Holliday.Judy
83.5%
Third. President.Jefferson
80.6%
Reggae. Country. Jamaica
76.9%
Argonaut. Leader.Jason
76.5%
Denim. Shorts.Jorts
75.8%
TWO WORDS ONE WORD (begins with J) % Correct
Trebek. Show.Jeopardy!
72.8%
Psychological. Carl.Jung
69.4%
Parton. Hit.Jolene
64.8%
King's. Comedian.Jester
59.6%
Panthera. Onca.Jaguar
56.3%
Catherine. Zeta.Jones
55.9%
Ragtime. Scott.Joplin
53.6%
Wooster's. Valet.Jeeves
41.6%
Painter. Johns.Jasper
25.1%
Burroughs. Novel.Junkie
7%
Remove Ads.
Support Sporcle.
Get the best of Sporcle when you Go Orange. This ad-free experience offers more features, more stats, and more fun while also helping to support Sporcle. Thank you for becoming a member.

You're not logged in!

Compare scores with friends on all Sporcle quizzes.
OR
Log In

Show Comments

Extras

Top Quizzes Today


Score Distribution

Your Account Isn't Verified!

In order to create a playlist on Sporcle, you need to verify the email address you used during registration. Go to your Sporcle Settings to finish the process.

Report this User

Report this user for behavior that violates our Community Guidelines.

Details: